Loading...
Fine Arts - Other Fine Arts | 0 | 2 | 0 | 0 | 20 | 54 | 95.50 | 0 | 0 |
Other | 0 | 2 | 0 | 1 | 20 | 105 | 123.00 | 0 | 1 |
Literature - World Literature | 0 | 1 | 0 | 1 | 10 | 148 | 148.00 | 0 | 0 |
History - World History | 0 | 1 | 0 | 1 | 10 | 136 | 136.00 | 0 | 0 |
Mythology | 0 | 1 | 0 | 0 | 10 | 150 | 150.00 | 0 | 0 |
Literature - American Literature | 0 | 0 | 0 | 0 | 0 | 0.00 | 0 | 0 | |
Literature - European Literature | 0 | 0 | 0 | 0 | 0 | 0.00 | 0 | 0 | |
History - American History | 0 | 0 | 0 | 0 | 0 | 0.00 | 0 | 0 | |
Social Science | 0 | 0 | 0 | 0 | 0 | 0.00 | 0 | 0 | |
Fine Arts - Painting & Sculpture | 0 | 0 | 0 | 0 | 0 | 0.00 | 0 | 0 | |
Philosophy | 0 | 0 | 0 | 0 | 0 | 0.00 | 0 | 0 | |
Religion | 0 | 0 | 0 | 0 | 0 | 0.00 | 0 | 0 | |
Literature - British Literature | 0 | 0 | 0 | 0 | 0 | 0.00 | 0 | 0 | |
Science - Biology | 0 | 0 | 1 | 0 | -5 | 0.00 | 0 | 0 |